000 00531nab a22001457 4500
003 ES-SlBC
005 20210327223942.0
008 130710s2008 sp ||||| |||| 00| 0 spa d
040 _aES-SlBC
_bspa
041 _aspa
100 1 _aMorales Carrillo, José Tadeo
_986733
245 1 0 _aDe la epistemología del sujeto a la hermenéutica del Humanos.
_b: La aventura del lenguaje desde la cotidianidad
_cMorales C. José Tadeo
773 0 _gAño 29, núm. 56/57, 2008/2010, págs. 65-86
_tAnthropos
_wRev38
_x0254-1629
942 _2lcc
_cAR
999 _c423398
_d423398